| 000 | 00663nam a2200169 4500 | ||
|---|---|---|---|
| 008 | 010815s1984 us engYA | ||
| 020 | _a0895771926 | ||
| 090 |
_aBS425 _bR22t |
||
| 100 | 1 | _aThe Reader's Digest Association | |
| 730 | 0 | _aBible. English. Authorized. 1984. | |
| 245 | 1 | 0 |
_aReader's Digest family guide to the Bible : _ba concordance and reference companion to the King James Version / _cThe Reader's Digest Association. |
| 260 |
_aNew York : _bReader's Digest, _cc1984. |
||
| 300 | _a832 p : ill. | ||
| 650 | 4 |
_aBible _xConcordances, English. |
|
| 650 | 4 |
_aBible _xOutlines, syllabi, etc. |
|
| 951 |
_p21087 _oBS425/R22t _j070613110944468 _d2000-12-21 _cREF |
||
| 999 |
_c2835 _d2835 |
||